Cytology new version (Hindi) (Record no. 4517)

MARC details
000 -LEADER
fixed length control field 00388nam a22001697a 4500
005 - DATE AND TIME OF LATEST TRANSACTION
control field 20160628152332.0
008 - FIXED-LENGTH DATA ELEMENTS--GENERAL INFORMATION
fixed length control field 160628b xxu||||| |||| 00| 0 eng d
020 ## - INTERNATIONAL STANDARD BOOK NUMBER
ISBN 978-87-7688-574-8
041 ## - LANGUAGE CODE
Language code of text/sound track or separate title eng
082 ## - DEWEY DECIMAL CLASSIFICATION NUMBER
Item number 10628
100 ## - MAIN ENTRY--AUTHOR NAME
Personal name Hubard, L. Ron
245 ## - TITLE STATEMENT
Title Cytology new version (Hindi)
260 ## - PUBLICATION, DISTRIBUTION, ETC. (IMPRINT)
Name of publisher New Era
300 ## - PHYSICAL DESCRIPTION
Number of Pages 275
650 ## - SUBJECT ADDED ENTRY--TOPICAL TERM
Topical Term Management
942 ## - ADDED ENTRY ELEMENTS (KOHA)
Koha item type Books
Holdings
Lost status Damaged status Home library Date acquired Full call number Accession Number Koha item type
    JRU Library 28/06/2016 10628 10628 Books